000 00277nam a22001217a 4500
082 _a030
_bFUN/S-19
100 _aFUNK
100 _aWAGNALLS
245 _aNEW ENCYCLOPEDIA OF SCIENCE
260 _aWISCONSIN
_bRAINTREE PUBLISHERS
650 _aENCYCLOPEDIA
_zAMERICA
942 _cBK
999 _c1959
_d1959